000
00288nam a22001337a 4500
008
171227b xxu||||| |||| 00| 0 eng d
020
_a
9781579541347
041
_a
eng
080
_a
61
100
_a
3
101
_a
MJE
245
_a
THE HERBAL DRUGSTORE
_c
DUKE.J.A
942
_2
udc
_c
BK
999
_c
39493
_d
39493